Análisis de los roentgenogramas (Record no. 139519)

MARC details
000 -LEADER
campo de control de longitud fija 00634nam a2200181 4500
001 - NÚMERO DE CONTROL
campo de control 139519
003 - IDENTIFICADOR DE NÚMERO DE CONTROL
campo de control ES-MaACL
005 - FECHA Y HORA DE LA ÚLTIMA TRANSACCIÓN
campo de control 20230906195828.0
007 - CAMPO FIJO DE DESCRIPCIÓN FÍSICA--INFORMACIÓN GENERAL
campo de control de longitud fija t|
008 - DATOS DE LONGITUD FIJA--INFORMACIÓN GENERAL
campo de control de longitud fija 070214s1960 sp r ||||1| spa d
100 1# - ENTRADA PRINCIPAL--NOMBRE DE PERSONA
Nombre de persona Saupe, Erich.
9 (RLIN) 103991
245 10 - MENCIÓN DEL TÍTULO
Título Análisis de los roentgenogramas
Resto del título : iniciación en el diagnóstico roentgenológico /
Mención de responsabilidad, etc. Erich Saupe ; publicada por W. Teschendorf ; traducción de Ramón Domínguez.
260 ## - PUBLICACIÓN, DISTRIBUCIÓN, ETC.
Lugar de publicación, distribución, etc. Barcelona :
Nombre del editor, distribuidor, etc. Labor,
Fecha de publicación, distribución, etc. 1960.
300 ## - DESCRIPCIÓN FÍSICA
Extensión XI, 341 p. :
Otras características físicas il. ;
Dimensiones 26 cm.
700 1# - ENTRADA AGREGADA--NOMBRE PERSONAL
Nombre de persona Teschendorf, W.
9 (RLIN) 109819
700 1# - ENTRADA AGREGADA--NOMBRE PERSONAL
Nombre de persona Domínguez, Ramón.
9 (RLIN) 45178
852 ## - LOCALIZACIÓN
Ubicación ES-MaACL
Número de control de estantería C-18214
Sublocalización o colección R.46244
Holdings
Estatus retirado Estado de pérdida Estado de daño No para préstamo Biblioteca de origen Biblioteca actual Ubicación en estantería Fecha de adquisición Fuente de adquisición Total de préstamos Signatura topográfica completa Código de barras Visto por última vez Precio de reemplazo Tipo de ítem Koha
        Biblioteca del Ateneo de Madrid Biblioteca del Ateneo de Madrid Galería 17/01/2008     C-18214 1145192 23/02/2023 23/02/2023 Libro impreso